UM Logo

Comparative study of incremental capacity curve determination methods for lithium-ion batteries considering the real-world situation / (Record no. 20059)

MARC details
000 -LEADER
fixed length control field 01030nam a22002297a 4500
003 - CONTROL NUMBER IDENTIFIER
control field OSt
005 - DATE AND TIME OF LATEST TRANSACTION
control field 20251006171140.0
008 - FIXED-LENGTH DATA ELEMENTS--GENERAL INFORMATION
fixed length control field 240405b ||||| |||| 00| 0 eng d
040 ## - CATALOGING SOURCE
Transcribing agency 0
082 ## - DEWEY DECIMAL CLASSIFICATION NUMBER
Classification number DPer 621.381 Ie21 October 2022 v. 37 n. 10
100 ## - MAIN ENTRY--PERSONAL NAME
Personal name Liu, Peng.
Relator term author.
9 (RLIN) 56225
245 ## - TITLE STATEMENT
Title Comparative study of incremental capacity curve determination methods for lithium-ion batteries considering the real-world situation /
Statement of responsibility, etc. Peng Liu, Yizhong Wu, Chengqi She, Zhenpo Wang, and Zhaosheng Zhang.
260 ## - PUBLICATION, DISTRIBUTION, ETC. (IMPRINT)
Place of publication, distribution, etc. New York ;
Name of publisher, distributor, etc. The Institute of Electrical and Electronics Engineers, Inc. ,
Date of publication, distribution, etc. October 2022.
300 ## - PHYSICAL DESCRIPTION
Extent Volume 37, pages 12563-12576 :
Other physical details illustration ;
Dimensions 28 cm.
500 ## - GENERAL NOTE
General note IEEE Transactions on Power Electronics, v. 37, n. 10, pages 12563-12576, October 2022.
700 ## - ADDED ENTRY--PERSONAL NAME
Personal name Liu, Peng.
Relator term author.
9 (RLIN) 56225
700 ## - ADDED ENTRY--PERSONAL NAME
Personal name Wu, Yizhong.
Relator term author.
9 (RLIN) 56226
700 ## - ADDED ENTRY--PERSONAL NAME
Personal name She, Chengqi.
Relator term author.
9 (RLIN) 56227
700 ## - ADDED ENTRY--PERSONAL NAME
Personal name Wang, Zhenpo.
Relator term author.
9 (RLIN) 56228
700 ## - ADDED ENTRY--PERSONAL NAME
Personal name Zhang, Zhaosheng.
Relator term author.
9 (RLIN) 56229
942 ## - ADDED ENTRY ELEMENTS (KOHA)
Source of classification or shelving scheme Dewey Decimal Classification
Koha item type Periodicals
Holdings
Withdrawn status Lost status Source of classification or shelving scheme Damaged status Not for loan Collection code Home library Current library Date acquired Total Checkouts Full call number Date last seen Price effective from Koha item type Public note
    Dewey Decimal Classification     Periodicals UM Digos College - LIC UM Digos College - LIC 04/05/2024   DPer 621.317 Ie21 October 2022 v. 37 n. 10 04/05/2024 04/05/2024 Periodicals Periodical Article